000 00472nam a2200181Ia 4500
003 GCL
008 140319s9999 xx 000 0 eng d
040 _aGCL /
_cGCL
082 0 4 _a591.51
_bS A
100 1 _aSTADDON, J.E.R
245 1 0 _aADAPTIVE BEHAVIOR AND LEARINING /
_cSTADDON, J.E.R
260 _a[S.N] :
_bCAMBRIBGE UNIVERSITY PRESS ،
_c1983
300 _a555 P
650 0 4 _aANIMALS
650 0 4 _aLEARNING IN ANIMALS
650 0 4 _aETHOLOGY
942 _2ddc
_cBK
999 _c13361
_d13361